000 00528nam a22001817a 4500
003 OSt
005 20260331025026.0
008 260331b |||||||| |||| 00| 0 eng d
020 _a9712713474
040 _aDWCL GS lib
_cOC
082 _aRes.(Fil.) 808.882 S617p
100 _aNem Singh, Rosario P.
245 _aPhilippine Quotable Quotes
_cRosario P. Nem Singh
260 _aPasig City
_bAnvil Publishing, Inc.
_cc2006.
300 _a80 pages:
_c13cm.
546 _aEnglish
942 _2ddc
_cBK-0 CIRC
_hRes.(Fil.)
_n0
999 _c9306
_d9306